Detecting Jamming Attacks for IEEE 802.11b Wireless Networks (Record no. 12244)

000 -LEADER
fixed length control field 00498nam a2200145 4500
082 ## - DEWEY DECIMAL CLASSIFICATION NUMBER
Classification number PhD-IT NAD
100 ## - MAIN ENTRY--PERSONAL NAME
Personal name Nadeem Sufyan
9 (RLIN) 99012
245 ## - TITLE STATEMENT
Title Detecting Jamming Attacks for IEEE 802.11b Wireless Networks
260 ## - PUBLICATION, DISTRIBUTION, ETC.
Place of publication, distribution, etc. Islamabad
Name of publisher, distributor, etc. Nust School of Electrical Engineering and Computer Science
300 ## - PHYSICAL DESCRIPTION
Extent 58 P
Accompanying material CD-ROM
500 ## - GENERAL NOTE
General note Supervisor ; Dr,Nazar Abbas Saqib
700 ## - ADDED ENTRY--PERSONAL NAME
Personal name Nadeem Sufyan
9 (RLIN) 99012
856 ## - ELECTRONIC LOCATION AND ACCESS
Uniform Resource Identifier <a href="http://10.250.8.41:8080/xmlui/handle/123456789/9815">http://10.250.8.41:8080/xmlui/handle/123456789/9815</a>
942 ## - ADDED ENTRY ELEMENTS (KOHA)
Koha item type Project Report
Source of classification or shelving scheme
Holdings
Withdrawn status Lost status Damaged status Not for loan Collection code Permanent Location Current Location Shelving location Date acquired Total Checkouts Full call number Barcode Date last seen Price effective from Koha item type Source of classification or shelving scheme
          Central Library (CL) Central Library (CL) General Stacks 12/17/2013   PhD-IT NAD SEECSP01282 12/17/2013 12/17/2013 Project Report  
          Central Library (CL) Central Library (CL) Thesis 09/02/2019   621.3 CL-T-3255 09/02/2019 09/02/2019 Thesis  
© 2023 Central Library, National University of Sciences and Technology. All Rights Reserved.